Surveying (Record no. 10442)

000 -LEADER
fixed length control field 00518nam a22002057a 4500
001 - CONTROL NUMBER
control field 10442
003 - CONTROL NUMBER IDENTIFIER
control field BD-DhUET
008 - FIXED-LENGTH DATA ELEMENTS--GENERAL INFORMATION
fixed length control field 150207b xxu||||| |||| 00| 0 eng d
040 ## - CATALOGING SOURCE
Original cataloging agency DLC
Transcribing agency DLC
Modifying agency BD-DhUET
082 ## - DEWEY DECIMAL CLASSIFICATION NUMBER
Classification number 526.9
Item number DAV/1953
100 ## - MAIN ENTRY--PERSONAL NAME
Personal name Davis, Raymond E.
245 ## - TITLE STATEMENT
Title Surveying
Remainder of title theory and Practice
250 ## - EDITION STATEMENT
Edition statement 4th ed.
260 ## - PUBLICATION, DISTRIBUTION, ETC. (IMPRINT)
Place of publication, distribution, etc. New York
Name of publisher, distributor, etc. McGraw Hill
Date of publication, distribution, etc. 1953
300 ## - PHYSICAL DESCRIPTION
Extent xxi, 1021 p.
Other physical details ill.
504 ## - BIBLIOGRAPHY, ETC. NOTE
Bibliography, etc Includes bibliographies
650 #0 - SUBJECT ADDED ENTRY--TOPICAL TERM
Topical term or geographic name as entry element Surveying
700 ## - ADDED ENTRY--PERSONAL NAME
Personal name Foote, Francis S.
942 ## - ADDED ENTRY ELEMENTS (KOHA)
Koha item type General Book
Holdings
Koha normalized classification for sorting Piece designation (barcode) Location (home branch) Damaged status Lost status Shelving location Koha full call number Not for loan Koha date last seen Withdrawn status Copy number Source of classification or shelving scheme Date acquired Price effective from Koha item type Sublocation or collection (holding branch)
526_900000000000000_DAV_19534431Central Library, BUET  Circulation section526.9/DAV/1953 2015-02-07 1 2015-02-072015-02-07General BookCentral Library, BUET
526_900000000000000_DAV_195338217Central Library, BUET  Circulation section526.9/DAV/1953 2015-03-28 2 2015-03-282015-03-28General BookCentral Library, BUET
526_900000000000000_DAV_1953479Central Library, BUET  Circulation section526.9/DAV/1953 2015-03-28 3 2015-03-282015-03-28General BookCentral Library, BUET
526_900000000000000_DAV_19532239Central Library, BUET  Circulation section526.9/DAV/1953 2015-04-27 4 2015-04-272015-04-27General BookCentral Library, BUET
526_900000000000000_DAV_19534430Central Library, BUET  Reading section526.9/DAV/1953 2015-06-29 5 2015-06-292015-06-29General BookCentral Library, BUET
526_900000000000000_DAV_19532237Central Library, BUET  Reading section526.9/DAV/1953 2015-06-30 6 2015-06-302015-06-30General BookCentral Library, BUET